90 rokov futbalu a športu v Novej Bani

Bibliographic Details
Other Authors: Čellár, Pavel (Compiler), Hrčka, Pavol (Compiler), Prandorfyová, Vanda, 1967- (Compiler), Obrcian, Milan (Compiler), Plachý, Jaroslav starší (Compiler)
Format: Book
Language:Slovak
PhysicalDescription:62 strán fotografie 21 x 15 cm
Published: Nová Baňa Mesto Nová Baňa 2002
ISBN:8096882732
Edition:[1. vyd.]
Subjects:

MARC

LEADER 00000cam a2200000 a 4500
001 vtls001482783
003 SK-MaSNL
005 20260302073656.0
008 240226s2002 xo o gr 000 0 slo
015 |a SNBE2005/02-00321 
020 |a 8096882732  |q (brožované) 
035 |a SNK000438080 
035 |a urn:nbn:sk:snk-am3j3dx 
035 |a 33E6EFC2-D5CB-4873-9CE3-7E156B89512B 
035 |a urn:nbn:sk:snk-am00ggxc 
040 |a SNK  |b slo  |c SNK  |e AACR2 
041 0 |a slo 
043 |a e-xo--- 
044 |a xo  |c SK 
072 7 |a 796  |x Šport. Hry. Telesné cvičenia  |2 konspekt 
080 |a 796.332  |2 2011 
080 |a (082.2)  |2 2011 
080 |a (437.6)  |2 2011 
080 |a 796/799  |2 2011 
080 |a 796/799(091)  |2 2011 
245 0 0 |a 90 rokov futbalu a športu v Novej Bani  |c [z autorských príspevkov zostavila redakčná rada: Pavel Čellár... [et al.]] 
246 3 |a Deväťdesiat rokov futbalu a športu v Novej Bani 
250 |a [1. vyd.] 
260 |a Nová Baňa  |b Mesto Nová Baňa  |c 2002 
300 |a 62 strán  |b fotografie  |c 21 x 15 cm 
366 |e 500 kusov 
500 |a Nepredajné 
506 |a Údaj o zostavovateľovi prevzatý z tiráže 
650 0 7 |a futbal  |2 SNKPH  |9 3291 
650 0 7 |a šport  |2 SNKPH  |9 1042 
650 0 7 |a dejiny športu  |2 SNKPH  |9 59611 
651 7 |a Nová Baňa (Slovensko)  |2 SNKPHgeo  |9 31692 
655 7 |a jubilejné publikácie  |2 SNKPH  |9 70339 
700 1 |a Čellár, Pavel  |4 com  |9 738377 
700 1 |a Hrčka, Pavol  |4 com  |9 738378 
700 1 |a Prandorfyová, Vanda,  |d 1967-  |4 com  |9 9989 
700 1 |a Obrcian, Milan  |4 com  |9 738379 
700 1 |a Plachý, Jaroslav  |c starší  |4 com  |9 738380 
919 |a 80-968827-3-2 
958 |a OND 
999 |c 1161909  |d 1163839 
952 |t P60, <03>, [BOOK], {603}, -K-  |a SNK  |b SNK  |y PREZ  |7 0  |p 17A0449460  |o snkSC 117712  |i snkKSP 13696/2004  |0 0  |1 0  |4 0  |d 2004-10-21  |f 1  |l 0  |r 2025-10-07 00:00:00  |w 2026-02-24 
952 |t P60, <04>, [BOOK], {604}  |a SNK  |b SNK  |y VYP  |7 0  |p 17A0449461  |o snkSC 117712 D1  |i snkKSP 13697/2004  |0 0  |1 0  |4 0  |d 2004-10-21  |l 0  |r 2005-01-02 00:00:00  |w 2026-02-24